| 000 | 01387nam a2200265Ia 4500 | ||
|---|---|---|---|
| 999 |
_c40004 _d40004 |
||
| 001 | 6610 | ||
| 003 | GE_BSU | ||
| 005 | 20191118163503.0 | ||
| 008 | 181216s1998||||ge |||||||||||||| ||geo|| | ||
| 020 | _a9992852178 | ||
| 040 | _cGE_BSU | ||
| 041 | _ageo | ||
| 080 | _a616(075.8) ტ-37 | ||
| 100 |
_aტატიშვილი, ნ. _93231 |
||
| 245 |
_aშინაგანი სნეულებანი / _c ფ.ი. კომაროვის, ვ.გ. კუკესისა და ა.ს. სმეტნევის რედ. ; მთარგმნ.: თ. ბინიაშვილი და სხვ. თარგმ. რედ.: გაიოზ ცინცაძე. |
||
| 264 |
_aთბილისი : _bარჩილი სულაკაურის გამ-ბა, _c1998. |
||
| 300 |
_a783 გვ.: _bილ.; _c29 სმ. |
||
| 490 | _aსასწ. ლიტ. უმაღ. სამედ. სასწ. სტუდ. | ||
| 653 | _aშინაგანი სნეულებანი | ||
| 653 | _a შინაგანი დაავადებები | ||
| 700 |
_a კომაროვი, ფ.ი. _eრედაქტორი _95411 |
||
| 700 |
_aკუკესი, ვ.გ. _eრედსქტორი _95412 |
||
| 700 |
_a ბინიაშვილი, თ. _eმთარგმნელი _95413 |
||
| 942 |
_cBK _2udc |
||